Κατάλογος Βιβλιοθηκών Mediterranean College

Ψυχολογιοποίηση / Επιπτώσεις των Ψυχολογικών Ερμηνειών στα Φαινόμενα της Κοινωνικής Επιρροής (Record no. 420)

MARC details
000 -LEADER
fixed length control field 01970cam a22002054a 4500
005 - ΗΜΕΡΟΜΗΝΙΑ ΚΑΙ ΩΡΑ ΤΕΛΕΥΤΑΙΑΣ ΕΝΗΜΕΡΩΣΗΣ
Πεδίο ελέγχου 20250605163934.0
008 - FIXED-LENGTH DATA ELEMENTS--GENERAL INFORMATION
Πεδίο ελέγχου σταθερού μήκους 250528s ||||||||||||||||||||||||d
035 ## - SYSTEM CONTROL NUMBER
System control number 14804
020 ## - ISBN
ISBN 960210029
040 ## - ΠΗΓΗ ΚΑΤΑΛΟΓΟΓΡΑΦΗΣΗΣ
Φορέας πρωτότυπης καταλογογράφησης MC Athens Campus Library
Γλώσσα καταλογογράφησης Ελληνικά, Μοντέρνα (1453-)
Modifying agency MC Athens Campus Library
Κανόνες περιγραφικής καταλογογράφησης AACR2
245 1# - ΤΙΤΛΟΣ ΚΑΙ ΔΗΛΩΣΗ ΥΠΕΥΘΥΝΟΤΗΤΑΣ
Τίτλος Ψυχολογιοποίηση / Επιπτώσεις των Ψυχολογικών Ερμηνειών στα Φαινόμενα της Κοινωνικής Επιρροής
250 ## - EDITION STATEMENT
Edition statement
260 ## - PUBLICATION, DISTRIBUTION, ETC.
Name of publisher, distributor, etc. Οδυσσέας,
Date of publication, distribution, etc. 1989
300 ## - PHYSICAL DESCRIPTION
Extent 544
520 ## - SUMMARY, ETC.
Summary, etc. Η Ψυχολογιοποίηση είναι από τα σημαντικότερα φαινόμενα που έφερε στην επιφάνεια η Κοινωνική Ψυχολογία. Πρόλογος, Εισαγωγή, Το Παρελθόν της Ψυχολογιοποίησης, Η Καθημερινή Ψυχολογιοποίηση, Η ''Επιστημονική'' Ψυχολογιοποίηση, Η ''Θεσμοποιημένη'' Ψυχολογιοποίηση, Η Συνιστώτα ''Ψυ'' στα Φαινόμενα της Πειθούς, Μεθοδολογικές Σημειώσεις, Η Ψυχολογιοποίηση ως Αντίσταση στην Αλλαγή, Η Ψυχολογιοποίηση και η Ενδοτικότητα και η Μεταστροφή, Η Ψυχολογία των Μειονοτικών Ιδεών, Η Μειονοτική Σύγκρουση και η Ψυχολογιοποίηση, Ψυχολογιοποίηση και Αναπαραστάσεις των Ενεργών Μειονοτήτων, Ψυχολογιοποίηση και Κοινωνικές Διακρίσεις, Ψυχολογία και Ψυχολογιοποίηση, Μπορούμε να Εμποδίσουμε την Ψυχολογιοποίηση, Γενικά Συμπεράσματα, Βιβλιογραφία.
700 1# - ΠΡΟΣΘΕΤΗ ΑΝΑΓΡΑΦΗ--ΦΥΣΙΚΟ ΠΡΟΣΩΠΟ
Personal name Παπαστάμου Στάμος
9 (RLIN) 160
942 ## - ADDED ENTRY ELEMENTS (KOHA)
Koha item type Books
Holdings
Τύπος τεκμηρίου Βιβλιοθήκη Τρέχουσα τοποθεσία Barcode Αριθμός εισαγωγής Ημερομηνία απόκτησης Ταξιθετικό σύμβολο Αριθμός αντιτύπου Κατάσταση απόσυρσης Κατάσταση χαμένου Κατάσταση κατεστραμμένου Μη δανεισμός Σύνολο δανεισμών Ημερομηνία τελευταίας εμφάνισης Η τιμή ισχύει από
Books MC Athens Campus Library MC Athens Campus Library 9780000004192 5000 05/06/2025 302 PAP 1           05/06/2025 05/06/2025

MC Athens Campus Library
Πατησίων 94 & Κοδριγκτώνος 13, 104 34
Πελλήνης 8 & Πατησίων 107, 112 51
Τ: +30 210 8899600

MC Thessaloniki Campus Library
Ίωνος Δραγούμη 21, 54625 | Ίωνος Δραγούμη 15, 54625
Τ: +30 2310 287779 – Τ: +30 2314 440300